Metodologa̕ de la investigacin̤ Cuantitativa - Cualitativa y Redaccin̤ de la Tesis /

Bibliographic Details
Main Author: Ñaupas Paitǹ, Humberto
Other Authors: Valdivia Dueąs, Marcelino Ral︢, Palacios Vilela, Jess︢ Josefa, Romero Delgado, Hugo Eusebio
Format: eBook
Language:Spanish
Published: Bogot:̀ Ediciones de la U, 2018
Subjects:
Online Access:Acceso restringido

MARC

LEADER 00000nam a22000007a 4500
005 20210716232620.0
007 cr|||| ||||
008 210716s2018 co |||||s|||| 00||0 spa d
020 |a 978-958-762-876-0 
035 |a 33435 
040 |a vLex 
090 |c 11868  |d 11868 
100 1 |a Ñaupas Paitǹ, Humberto 
245 1 0 |a Metodologa̕ de la investigacin̤  |h [Recurso electrn̤ico] :  |b Cuantitativa - Cualitativa y Redaccin̤ de la Tesis /  |c Humberto Ñaupas Paitǹ, Marcelino Ral︢ Valdivia Dueąs, Jess︢ Josefa Palacios Vilela, Hugo Eusebio Romero Delgado 
256 |a Servicio en ln̕ea 
260 |a Bogot:̀  |b Ediciones de la U,  |c 2018 
300 |a 1 recurso electrn̤ico 
500 |a Es para m ̕una satisfaccin̤ presentar la obra Metodologa̕ de la Investigacin̤ Cuantitativa-Cualitativa y Redaccin̤ de Tesis, a peticin̤ de sus autores a quienes agradezco por esta distincin̤. En la era de la informacin̤, la complejidad de la construccin̤ del conocimiento cientf̕ico es cada vez mayor, los cuestionamientos al mťodo cientf̕ico como el n︢ico camino para llegar al conocimiento, ha generado un movimiento importante en el claustro universitario. As ̕se empieza a trabajar la investigacin̤ cualitativa. Las ideas de Popper, Lakatos y Feyerabend, van calando en la ct̀edra universitaria, sin desmerecer la presencia de Bunge. 
506 1 |a Disponible solo en los productos indicados  |d vLex Global  |d vLex Global (Academic Edition, excluding Law Schools)  |d vLex Global (U.S. Academic Edition, Law Schools)  |d vLex Global (U.S. Academic Edition, excluding Law Schools)  |d vLex Global (Academic Edition, Law Schools) 
650 0 4 |a Educacin̤  |z Colombia 
700 1 |a Valdivia Dueąs, Marcelino Ral︢ 
700 1 |a Palacios Vilela, Jess︢ Josefa 
700 1 |a Romero Delgado, Hugo Eusebio 
740 0 |a vLex Libros (Servicio en ln̕ea) 
856 4 0 |u https://vlex.com/source/metodologia-de-la-investigacion-cuantitativa-cualitativa-y-redaccion-de-la-tesis-33435  |z Acceso restringido 
942 |c BOOK 
999 0 |a Education